| 000 | 01311cad a22002535a 4500 | ||
|---|---|---|---|
| 001 | L159680 | ||
| 008 | 120803s2015 xxk 000 0 eng d | ||
| 035 | _a(Sirsi) u159680 | ||
| 041 | 0 | _aeng | |
| 110 | 2 |
_aJones Lang LaSalle _93755 |
|
| 245 | 0 | 0 |
_aMiddle income housing in the Middle East and North Africa _bprogress & priorities _h[electronic resource] |
| 260 |
_a[S.l. _bJLL _c2015 |
||
| 520 | _aThe lack of middle income housing is currently one of the major challenges facing the real estate industry across MENA. As population growth and urbanisation continue, countries across the region are facing growing pressure to accommodate the evolving needs of both nationals and expatriates. This includes the need for more good quality, affordable accommodation within developed communities, for middle income individuals and households. The report addresses three markets the UAE, Saudi Arabia and Egypt. | ||
| 590 | _aKA NTK | ||
| 650 | 2 | 4 | _aURBAN HOUSING |
| 650 | 2 | 4 |
_aAFFORDABLE HOUSING _96215 |
| 650 | 2 | 4 | _aECONOMY |
| 651 | 4 | _aUnited Arab Emirates | |
| 651 | 4 | _aSaudi Arabia | |
| 651 | 4 | _aEgypt | |
| 690 |
_aResidential property _96266 |
||
| 856 | 4 | 0 |
_uhttps://www.jll-mena.com/mena/en-gb/research/middle-income-housing-report/report-download _zView the report at www.jll-mena.com |
| 942 | _n0 | ||
| 999 |
_c116087 _d116087 |
||